书目信息 |
| 题名: |
最新客厅设计典范2000例
|
|
| 作者: | ;锐扬图书工作室 编 | |
| 分册: | 客厅整体设计 | |
| 出版信息: | 福州 福建科学技术出版社 2011.07 |
|
| 页数: | 108页 | |
| 开本: | 29cm | |
| 丛书名: | ||
| 单 册: | ||
| 中图分类: | TU241-64 | |
| 科图分类: | ||
| 主题词: | 住宅--zhu zhai--客厅--室内装饰设计--图集 | |
| 电子资源: | ||
| ISBN: | 978-7-5335-3902-3 | |
| 000 | 01077nam 2200253 450 | |
| 001 | 1137590252 | |
| 005 | 20111111102700.17 | |
| 010 | @a978-7-5335-3902-3@dCNY29.80@z7-5335-3902-8 | |
| 100 | @a20110720d2011 em y0chiy50 ea | |
| 101 | 0 | @achi |
| 102 | @aCN@b350000 | |
| 105 | @aa z 000yy | |
| 200 | 1 | @a最新客厅设计典范2000例@Azui xin ke ting she ji dian fan 2000 li@d= 2000 latest examples of the living room design@i客厅整体设计@f锐扬图书工作室编@zeng |
| 210 | @a福州@c福建科学技术出版社@d2011.07 | |
| 215 | @a108页@c彩图@d29cm | |
| 330 | @a本书介绍了客厅整体设计的一些基本知识, 内容包括: 如何设计简洁的小客厅、如何设计使大客厅不显空旷、简约客厅就是简单客厅吗、客厅如何布局省钱等。 | |
| 510 | 1 | @a2000 latest examples of the living room design@zeng |
| 517 | 1 | @a客厅设计典范2000例@Ake ting she ji dian fan 2000 li |
| 517 | 1 | @a客厅整体设计@Ake ting zheng ti she ji |
| 606 | 0 | @a住宅@Azhu zhai@x客厅@x室内装饰设计@j图集 |
| 690 | @aTU241-64@v4 | |
| 711 | 02 | @a锐扬图书工作室@Arui yang tu shu gong zuo shi@4编 |
| 801 | 0 | @aCN@c20110720 |
| 905 | @dTU241-64@eR9251 | |
| 最新客厅设计典范2000例= 2000 latest examples of the living room design.客厅整体设计/锐扬图书工作室编.-福州:福建科学技术出版社,2011.07 |
| 108页:彩图;29cm |
| ISBN 978-7-5335-3902-3:CNY29.80 |
| 本书介绍了客厅整体设计的一些基本知识, 内容包括: 如何设计简洁的小客厅、如何设计使大客厅不显空旷、简约客厅就是简单客厅吗、客厅如何布局省钱等。 |
| ● |
| 相关链接 |
|
|
|
正题名:最新客厅设计典范2000例
索取号:TU241-64/R9251
 
预约/预借
| 序号 | 登录号 | 条形码 | 馆藏地/架位号 | 状态 | 备注 |
| 1 | 1222074 | 212220746 | 建筑库101/101建筑库 61排5列3层/ [索取号:TU241-64/R9251] | 在馆 | |
| 2 | 1222075 | 212220755 | 建筑与城市规划学院资料室/101建筑库 33排2列5层/ [索取号:TU241-64/R9251] | 在馆 | |
| 3 | 1222076 | 212220764 | 建筑库101/101建筑库 61排5列3层/ [索取号:TU241-64/R9251] | 在馆 |